| 000 | 00421nam a2200157Ia 4500 | ||
|---|---|---|---|
| 008 | 231217s9999 xx 000 0 und d | ||
| 020 | _a0-8247-6548-6 | ||
| 041 | _aEnglish | ||
| 082 | _a629.836 LAN;1 R | ||
| 100 | _aLandau, Yoan D. | ||
| 245 | 0 | _aAdaptive control : the model reference approach | |
| 260 |
_c1979 _bMarcel Dekker Inc _aNew York |
||
| 300 | _axix, 406 | ||
| 650 | _aAdaptive,control | ||
| 942 | _cAA | ||
| 999 |
_c195703 _d195703 |
||